000 00375nam a22001337a 4500
082 _a621.384
_bSHA
_cL-11, P-41
100 _aShahane
_940703
245 _aSolutions of Problems in Radio Engineering
_cShahane
260 _aPoona
_bEngineering Book Co
300 _a196 p. :
_bill
_c16 cm
526 _a0
_b0
_c0
_d621_384000000000000_SHA
650 _aMCE
_9379
942 _2ddc
_cBK
999 _c545730
_d545730